| 000 | 01216namaa22003491i 4500 | ||
|---|---|---|---|
| 003 | EG-GICUC | ||
| 005 | 20260114124158.0 | ||
| 008 | 260114s1992 ua ||||jr|||| 000 0 ara d | ||
| 017 |
_a1992 / 1760 _bدار الكتب والوثائق القومية (مصر) |
||
| 020 | _a9770701432 | ||
| 040 |
_aEG-GiCUC _bara _cEG-GiCUC _dEG-GiCUC _erda |
||
| 041 |
_aara _heng |
||
| 043 | _af-ua--- | ||
| 082 | 0 | 4 |
_221 _a823 _bG6618 |
| 092 | 0 | 4 |
_221 _a823 _bG6618 |
| 099 | _a823 G6618 | ||
| 100 | 1 |
_aجورديمر، نادين _eمؤلف. |
|
| 245 | 1 | 0 |
_aإبنة بيرجر / _cتأليف نادين جورديمر ؛ ترجمة محمود مسعود |
| 264 |
_aالقاهرة (مصر) : _bدار الهلال، _c[1992] |
||
| 300 |
_a148 صفحة ؛ _c20 سم |
||
| 336 |
_2rdacontent _atext |
||
| 337 |
_2rdamedia _aUnmediated |
||
| 338 |
_2rdacarrier _avolume |
||
| 490 | _aجوائز عالمية ؛ | ||
| 541 |
_aد. جابر عصفور ؛ _bالقاهرة ؛ _cإهداء ؛ _d2024. |
||
| 650 | 1 | 7 |
_aالقصص الانجليزية _2qrmak |
| 650 | 1 | 7 |
_aالادب الافريقي _2qrmak |
| 651 | 1 | _2qrmak | |
| 700 | 1 |
_aمسعود، محمود _eمترجم. |
|
| 905 | _aNermeen | ||
| 942 |
_2ddc _cBK _e21 _n0 |
||
| 999 |
_c177685 _d177685 |
||